000 00569nam a2200193Ia 4500
003 GCL
008 140319s9999 xx 000 0 eng d
040 _aGCL /
_cGCL
082 0 4 _a792.025
_bW S
100 1 _aWALTERS, GRAHAM
245 1 0 _aSTAGE LIGHTING: STEP - BY - STEP: THE COMPLETE GUIDE ON SETTING THE STAGE WITH LIGHT TO GET DRAMATION RESULTS /
_cWALTERS, GRAHAM
260 _a[S.N] :
_bBETTERWAY BOOKS ،
_c1997
300 _a144 P
650 0 4 _aARTS
650 0 4 _aSTAGE LIGHTING
650 0 4 _aSTAGE PRESENTATIONS
650 0 4 _aSETTING
942 _2ddc
_cBK
999 _c15734
_d15734